| 000 -NÁVESTIE |
| fixed length control field |
01723cam a2200493 a 4500 |
| 001 - EVIDENČNÉ ČÍSLO ZÁZNAMU - Kontrolné číslo |
| control field |
vtls010326529 |
| 005 - DÁTUM A ČAS POSLEDNEJ TRANSAKCIE |
| control field |
20250924105730.0 |
| 008 - ÚDAJE S PEVNOU DĹŽKOU – VŠEOBECNÉ INFORMÁCIE |
| fixed length control field |
240314s2012 xr ba g 001 0 slo |
| 020 ## - MEDZINÁRODNÉ ŠTANDARDNÉ ČÍSLO KNIHY (ISBN) |
| Medzinárodné štandardné číslo knihy (ISBN) |
9788073609863 |
| Qualifying information |
(brož.) |
| 035 ## - Iný štandardný identifikátor |
| Iný štandardný identifikátor |
urn:nbn:sk:snk-am00a05g |
| 035 ## - Iný štandardný identifikátor |
| Iný štandardný identifikátor |
urn:nbn:sk:snk-am3hbvs |
| 035 ## - Iný štandardný identifikátor |
| Iný štandardný identifikátor |
2F2FBBA0-0C1A-46E9-A1B7-EB43CCF7CC1C |
| 040 ## - ZDROJ KATALOGIZÁCIE |
| Pôvodná katalogizujúca agentúra |
SVKBB |
| Jazyk katalogizácie |
slo |
| Prepisujúca agentúra |
SVKBB |
| Modifikujúca agentúra |
SNK |
| Konvencie popisu |
AACR2 |
| 041 1# - KÓD JAZYKA |
| Kód jazyka textu/zvukovej stopy alebo samostatných nápisov |
slo |
| Kód jazyka zhrnutia alebo abstraktu/titulkov alebo nápisov |
eng |
| 044 ## - KÓD KRAJINY VYDAVATEĽA/PRODUCENTA |
| Kód krajiny MARC |
xr |
| Kód krajiny ISO |
CZ |
| 072 #7 - KÓD PREDMETOVEJ KATEGÓRIE |
| Kód predmetovej kategórie |
355/359 |
| Pododdiel kódu predmetovej kategórie |
Vojenstvo. Obrana krajiny. Ozbrojené sily |
| Zdroj |
konspekt |
| 072 #7 - KÓD PREDMETOVEJ KATEGÓRIE |
| Kód predmetovej kategórie |
94(437) |
| Pododdiel kódu predmetovej kategórie |
Dejiny Česka a Slovenska |
| Zdroj |
konspekt |
| 080 ## - ČÍSLO MEDZINÁRODNÉHO DESATINNÉHO TRIEDENIA (MDT) |
| Číslo Medzinárodného desatinného triedenia (MDT) |
355.4(091) |
| Identifikátor vydania |
2001 |
| 080 ## - ČÍSLO MEDZINÁRODNÉHO DESATINNÉHO TRIEDENIA (MDT) |
| Číslo Medzinárodného desatinného triedenia (MDT) |
355.081 |
| Identifikátor vydania |
2001 |
| 080 ## - ČÍSLO MEDZINÁRODNÉHO DESATINNÉHO TRIEDENIA (MDT) |
| Číslo Medzinárodného desatinného triedenia (MDT) |
94(437.6) |
| Identifikátor vydania |
2001 |
| 080 ## - ČÍSLO MEDZINÁRODNÉHO DESATINNÉHO TRIEDENIA (MDT) |
| Číslo Medzinárodného desatinného triedenia (MDT) |
(437.6) |
| Identifikátor vydania |
2001 |
| 080 ## - ČÍSLO MEDZINÁRODNÉHO DESATINNÉHO TRIEDENIA (MDT) |
| Číslo Medzinárodného desatinného triedenia (MDT) |
(048.8) |
| Identifikátor vydania |
2001 |
| 100 1# - OSOBNÉ MENÁ – VŠEOBECNÉ INFORMÁCIE |
| Osobné meno |
Dangl, Vojtech, |
| Dátumy súvisiace s menom |
1937-2018 |
| Kód roly |
aut |
| -- |
4816 |
| 245 10 - NÁZOV |
| Názov |
Vojvodcovia |
| Zvyšok názvu |
111 osobností vojenských dejín Slovenska |
| Údaj o zodpovednosti atď. |
Vojtech Dangl, Vladimír Segeš ; [register Martina Kočí] |
| 246 30 - INÁ FORMA NÁZVU |
| Hlavný názov/skrátený názov |
111 osobností vojenských dejín Slovenska |
| 246 30 - INÁ FORMA NÁZVU |
| Hlavný názov/skrátený názov |
Sto jednásť osobností vojenských dejín Slovenska |
| 260 ## - VYDAVATEĽSKÉ ÚDAJE, DISTRIBÚCIA ATĎ. |
| Miesto publikovania, distribúcie atď. |
Praha |
| Názov vydavateľa, distibútora atď. |
Ottovo nakladatelství |
| Dátum publikovania, distribúcie atď. |
2012 |
| 300 ## - FYZICKÝ POPIS |
| Rozsah |
472 s. |
| Ďalšie fyzické detaily |
ilustr. |
| Rozmery |
24 cm |
| 650 07 - PRIDANÝ VSTUP – PREDMET – TEMATICKÉ HESLO |
| Tematické heslo alebo geografický názov ako vstupný prvok |
vojenské dejiny |
| Zdroj hesla alebo termínu |
SNKPH |
| -- |
4817 |
| 650 07 - PRIDANÝ VSTUP – PREDMET – TEMATICKÉ HESLO |
| Tematické heslo alebo geografický názov ako vstupný prvok |
vojvodcovia |
| Zdroj hesla alebo termínu |
SNKPH |
| -- |
4818 |
| 650 07 - PRIDANÝ VSTUP – PREDMET – TEMATICKÉ HESLO |
| Tematické heslo alebo geografický názov ako vstupný prvok |
Military history |
| Zdroj hesla alebo termínu |
SNKPHeng |
| -- |
4819 |
| 650 07 - PRIDANÝ VSTUP – PREDMET – TEMATICKÉ HESLO |
| Tematické heslo alebo geografický názov ako vstupný prvok |
Military leaders |
| Zdroj hesla alebo termínu |
SNKPHeng |
| -- |
4820 |
| 651 #7 - PRIDANÝ VSTUP – PREDMET – GEOGRAFICKÝ NÁZOV |
| Geografický názov |
Slovensko |
| Zdroj hesla alebo termínu |
SNKPH |
| -- |
1613 |
| 651 #7 - PRIDANÝ VSTUP – PREDMET – GEOGRAFICKÝ NÁZOV |
| Geografický názov |
Slovakia |
| Zdroj hesla alebo termínu |
SNKPHeng |
| -- |
1614 |
| 655 #7 - INDEXAČNÝ TERMÍN – ŽÁNER/FORMA |
| Údaje o žánri/forme alebo termín, ktorý je prvok fazety |
monografie |
| Zdroj termínu |
SNKPH |
| -- |
1661 |
| 655 #7 - INDEXAČNÝ TERMÍN – ŽÁNER/FORMA |
| Údaje o žánri/forme alebo termín, ktorý je prvok fazety |
Monographs |
| Zdroj termínu |
SNKPHeng |
| -- |
1662 |
| 700 1# - PRIDANÝ VSTUP – OSOBNÉ MENO |
| Osobné meno |
Segeš, Vladimír, |
| Dátumy súvisiace s menom |
1950- |
| Kód roly |
aut |
| -- |
4821 |
| 700 1# - PRIDANÝ VSTUP – OSOBNÉ MENO |
| Osobné meno |
Kočí, Martina, |
| Dátumy súvisiace s menom |
1979- |
| Kód roly |
oth |
| -- |
4822 |
| 958 ## - Formálny deskriptor |
| Formálny deskriptor |
ZS |
| 958 ## - Formálny deskriptor |
| Formálny deskriptor |
CZ |
| 958 ## - Formálny deskriptor |
| Formálny deskriptor |
NB |
| 958 ## - Formálny deskriptor |
| Formálny deskriptor |
BX |